000
00342nam a2200133 a 4500
005
20140414131914.0
008
101015s19uu xx 00 eng d
050
_a
ER
_b
M68 1998
100
_a
Graves, Kelly
245
_a
Miss Moo goes to the zoo.
260
_a
New York :
_b
Scholastic ,
_c
1998.
650
_a
Counting books
999
_c
111359
_d
111359